Statistiques concernant Pays les plus proches de Malte

Cliquez ici pour prendre le quiz!

Statistiques générales

  • Ce quiz a été pris 465 fois
  • Le résultat moyen est 17 sur 20

Statistiques - réponses

kmpays% Correct
81Italie
99%
727France
95%
585Grèce
94%
502Algérie
93%
963Espagne
93%
288Tunisie
93%
340Libye
92%
1074Égypte
88%
793Croatie
87%
642Albanie
86%
778Monténégro
84%
665Vatican
82%
919Serbie
81%
1041Slovénie
81%
803Bosnie-Herzégovine
80%
777Macédoine
80%
848Kosovo
79%
882Saint-Marin
78%
1028Monaco
76%
949Bulgarie
64%

Distribution des résultats

Percentile par nombre de réponses

% des personnes avec chaque résultat

Votre développement - résultats

Vous n’avez pas pris ce quiz